000 00548nam a2200217 a 4500
001 0001-2048
003 ELIB.Books
008 190715 2010 eng
020 _aKBTS
092 _a220.6
_bPie
100 _aPietersen, Lloyd.
245 _aReading The Bible After Christendon
260 _aVirginia
_bHerald Press
_c2012
300 _a258
650 _aBiblical Criticism
856 _nKBTS Library
_uKBTS Elib
942 _2ddc
_cBK
990 _a1
998 _aEnglishbooks.elf
_ccat
_e2019-07-15
999 _c12048
_d12048